[Event "POL-chT 1st League"]
[Site "Sypniewo"]
[Date "2022.09.06"]
[Round "4.11"]
[White "Guzik, Jolanta"]
[Black "Michalska, Aleksandra"]
[Result "1/2-1/2"]
[WhiteElo "2000"]
[BlackElo "1767"]
[PlyCount "138"]
[EventDate "2022.09.03"]
[EventType "team-swiss"]
[EventRounds "9"]
[EventCountry "POL"]
[SourceTitle "CBM 210 Extra"]
[Source "ChessBase"]
[SourceDate "2022.11.30"]
[SourceVersion "1"]
[SourceVersionDate "2022.11.30"]
[SourceQuality "1"]
[WhiteTeam "Jaworzno"]
[BlackTeam "Zielonka Zieloni"]
[WhiteTeamCountry "POL"]
[BlackTeamCountry "POL"]

1. c4 e5 2. Nc3 c5 3. g3 Nc6 4. Bg2 g6 5. e3 Bg7 6. Nge2 Nge7 7. d3 d6 8. a3 a5 9. 0-0 Be6 10. Nd5 Rb8 11. Nec3 0-0 12. Rb1 Kh8 13. Bd2 Bf5 14. Nxe7 Nxe7 15. e4 Bd7 16. b4 axb4 17. axb4 b6 18. Qb3 Nc6 19. Nb5 Qe7 20. Ra1 f5 21. Ra2 f4 22. f3 h5 23. Qb2 Bh6 24. Re1 Kh7 25. Bc3 g5 26. gxf4 gxf4 27. bxc5 bxc5 28. Qf2 Rg8 29. Kh1 h4 30. Rg1 h3 31. Bf1 Rxg1+ 32. Qxg1 Rg8 33. Qf2 Bg5 34. Be1 Qf6 35. Ra6 Kg7 36. Rb6 Kf8 37. Rb7 Rg7 38. Qa2 Qg6 39. Bf2 Kg8 40. Qa8+ Nd8 41. Rxd7 Rxd7 42. Bxh3 Rg7 43. Bf5 Qh5 44. Bg4 Qh6 45. Qb8 Be7 46. Qc8 Rh7 47. Bg1 Qf8 48. Nc7 Nf7 49. Qe6 Rh6 50. Qf5 Ng5 51. Nd5 Bd8 52. Qd7 Rh7 53. Qc8 Be7 54. Qd7 Rg7 55. Bf2 Nh7 56. Qe6+ Kh8 57. Bf5 Qa8 58. Bg4 Qa1+ 59. Kg2 Qa7 60. Kf1 Ng5 61. Qc8+ Rg8 62. Qf5 Nh7 63. Qe6 Bf8 64. Bh4 Qa1+ 65. Kg2 Qd1 66. Nf6 Qe2+ 67. Kg1 Qd1+ 68. Kg2 Qe2+ 69. Kg1 Qxd3 1/2-1/2

[Event "POL-chT 1st League"]
[Site "Sypniewo"]
[Date "2022.09.05"]
[Round "3.10"]
[White "Guzik, Jolanta"]
[Black "Kaczmarek, Arkadiusz"]
[Result "1/2-1/2"]
[WhiteElo "2000"]
[BlackElo "2141"]
[PlyCount "87"]
[EventDate "2022.09.03"]
[EventType "team-swiss"]
[EventRounds "9"]
[EventCountry "POL"]
[SourceTitle "CBM 210 Extra"]
[Source "ChessBase"]
[SourceDate "2022.11.30"]
[SourceVersion "1"]
[SourceVersionDate "2022.11.30"]
[SourceQuality "1"]
[WhiteTeam "Jaworzno"]
[BlackTeam "Gostynin Gostmat 83"]
[WhiteTeamCountry "POL"]
[BlackTeamCountry "POL"]

1. c4 e5 2. Nc3 d6 3. g3 f5 4. Bg2 Nf6 5. e3 Be7 6. Nge2 0-0 7. d3 c6 8. f4 Be6 9. 0-0 Nbd7 10. b3 Rc8 11. h3 Re8 12. Kh2 Bf8 13. Qd2 a6 14. Bb2 b5 15. Rac1 bxc4 16. dxc4 Qa5 17. Rfd1 Kh8 18. e4 fxe4 19. Nxe4 Qxa2 20. Nxf6 gxf6 21. Qc2 Qa5 22. Be4 Bg8 23. fxe5 fxe5 24. Bf5 Rcd8 25. Qe4 Qb6 26. Qf3 Nc5 27. b4 Qxb4 28. Bc3 Qb7 29. Rb1 Qc7 30. Nf4 Bf7 31. Rf1 Bxc4 32. Qh5 Kg8 33. Rfe1 Qf7 34. Qg4+ Qg7 35. Qf3 Qg5 36. Nh5 Bf7 37. Bxh7+ Kxh7 38. Qxf7+ Bg7 39. Nxg7 Qxg7 40. Qh5+ Qh6 41. Qf7+ Qg7 42. Qh5+ Qh6 43. Qf7+ Qg7 44. Qh5+ 1/2-1/2

[Event "POL-chT 2nd League"]
[Site "Jastrzebia Gora"]
[Date "2019.09.13"]
[Round "7.17"]
[White "Guzik, Jolanta"]
[Black "Kupsik, Joanna"]
[Result "1/2-1/2"]
[WhiteElo "2012"]
[BlackElo "1731"]
[PlyCount "61"]
[EventDate "2019.09.07"]
[EventType "team-swiss"]
[EventRounds "9"]
[EventCountry "POL"]
[SourceTitle "EXT 2020"]
[Source "ChessBase"]
[SourceDate "2019.10.17"]
[SourceVersion "1"]
[SourceVersionDate "2019.10.17"]
[SourceQuality "1"]
[WhiteTeam "Jaworzno"]
[BlackTeam "Lipno Steszew"]
[WhiteTeamCountry "POL"]
[BlackTeamCountry "POL"]

1. e4 c5 2. Nc3 Nc6 3. g3 g6 4. Bg2 Bg7 5. Nge2 e6 6. d3 Nge7 7. Bg5 h6 8. Be3 Nd4 9. f4 d6 10. 0-0 0-0 11. Qd2 Kh7 12. Nd1 Rb8 13. c3 Nxe2+ 14. Qxe2 b5 15. g4 f5 16. gxf5 exf5 17. e5 Bb7 18. Bxb7 Rxb7 19. Qf3 Rc7 20. d4 cxd4 21. cxd4 dxe5 22. dxe5 Qd5 23. Nc3 Qxf3 24. Rxf3 a6 25. Rd1 Rfc8 26. Bb6 Rb7 27. Be3 Rc4 28. Rd6 g5 29. Rxa6 gxf4 30. Bxf4 Ng6 31. Bd2 1/2-1/2

[Event "POL-chT 2nd League"]
[Site "Jastrzebia Gora"]
[Date "2019.09.07"]
[Round "1.3"]
[White "Czerwinska, Milena"]
[Black "Guzik, Jolanta"]
[Result "1/2-1/2"]
[WhiteElo "2006"]
[BlackElo "2012"]
[PlyCount "42"]
[EventDate "2019.09.07"]
[EventType "team-swiss"]
[EventRounds "9"]
[EventCountry "POL"]
[SourceTitle "EXT 2020"]
[Source "ChessBase"]
[SourceDate "2019.10.17"]
[SourceVersion "1"]
[SourceVersionDate "2019.10.17"]
[SourceQuality "1"]
[WhiteTeam "Ostrow Wielkopolski"]
[BlackTeam "Jaworzno"]
[WhiteTeamCountry "POL"]
[BlackTeamCountry "POL"]

1. e4 e6 2. d4 d5 3. e5 c5 4. c3 Nc6 5. Nf3 Bd7 6. Be2 f6 7. exf6 Nxf6 8. Bf4 Be7 9. 0-0 0-0 10. Bd3 cxd4 11. Nxd4 Nxd4 12. cxd4 Qb6 13. Qd2 Bb4 14. Nc3 Rac8 15. Rac1 Bd6 16. Bg3 Bxg3 17. hxg3 a6 18. b3 Qd6 19. Qf4 Qb4 20. Qd2 Qd6 21. Qf4 Qb4 1/2-1/2

[Event "POL-chT 2nd League"]
[Site "Szklarska Poreba"]
[Date "2017.09.06"]
[Round "5.11"]
[White "Guzik, Jolanta"]
[Black "Andrejczuk, Beata"]
[Result "0-1"]
[WhiteElo "2041"]
[BlackElo "2088"]
[PlyCount "60"]
[EventDate "2017.09.02"]
[EventType "team-swiss"]
[EventRounds "9"]
[EventCountry "POL"]
[SourceTitle "CBM 180 Extra"]
[Source "ChessBase"]
[SourceDate "2017.10.06"]
[SourceVersion "1"]
[SourceVersionDate "2017.10.06"]
[SourceQuality "1"]
[WhiteTeam "Jaworzno"]
[BlackTeam "Zielonka Zieloni"]
[WhiteTeamCountry "POL"]
[BlackTeamCountry "POL"]

1. c4 e5 2. Nc3 Nc6 3. g3 f5 4. Bg2 Nf6 5. e3 Bb4 6. Nge2 e4 7. d3 Ne5 8. dxe4 fxe4 9. 0-0 Nf3+ 10. Kh1 Qe7 11. Nxe4 Qxe4 12. Nd4 0-0 13. Bxf3 Qg6 14. Qc2 Qf7 15. a3 Bc5 16. Nb5 c6 17. Nd4 d6 18. Bg2 Ng4 19. Kg1 Qh5 20. h3 Ne5 21. f4 Bxh3 22. fxe5 Rxf1+ 23. Kxf1 dxe5 24. b4 Be7 25. Nb3 Rf8+ 26. Ke1 Qg4 27. Bxh3 Qxg3+ 28. Kd2 Rf2+ 29. Kd3 e4+ 30. Kc3 Bf6+ 0-1

[Event "POL-chT 2nd League"]
[Site "Szklarska Poreba"]
[Date "2017.09.04"]
[Round "3.8"]
[White "Guzik, Jolanta"]
[Black "Magnucka, Arleta"]
[Result "1/2-1/2"]
[WhiteElo "2041"]
[BlackElo "1838"]
[PlyCount "81"]
[EventDate "2017.09.02"]
[EventType "team-swiss"]
[EventRounds "9"]
[EventCountry "POL"]
[SourceTitle "CBM 180 Extra"]
[Source "ChessBase"]
[SourceDate "2017.10.06"]
[SourceVersion "1"]
[SourceVersionDate "2017.10.06"]
[SourceQuality "1"]
[WhiteTeam "Jaworzno"]
[BlackTeam "Steszew Lipno"]
[WhiteTeamCountry "POL"]
[BlackTeamCountry "POL"]

1. c4 c5 2. Nc3 Nc6 3. g3 g6 4. Bg2 Bg7 5. d3 e5 6. e3 Nge7 7. Nge2 0-0 8. 0-0 Rb8 9. f4 d6 10. Nd5 Bg4 11. h3 Bxe2 12. Qxe2 b5 13. fxe5 dxe5 14. Nxe7+ Nxe7 15. cxb5 Rxb5 16. d4 Qb8 17. Kh2 exd4 18. exd4 Nf5 19. Bf4 Nxd4 20. Qc4 Qb6 21. Rab1 Rb4 22. Qd5 Rd8 23. Qe4 Ne6 24. Qe3 Rxb2 25. Rxb2 Qxb2 26. Rf2 Qa1 27. Qf3 c4 28. Be3 f5 29. Qc6 Qe5 30. Bxa7 f4 31. gxf4 Nxf4 32. Qxc4+ Ne6+ 33. Kh1 Kh8 34. Rf1 h6 35. Qe4 Qxe4 36. Bxe4 g5 37. Be3 Rb8 38. Rb1 Re8 39. Bg6 Ra8 40. Bf7 Nd4 41. Bxd4 1/2-1/2

[Event "POL-chT 2nd League"]
[Site "Jastrzebia Gora"]
[Date "2016.09.11"]
[Round "9.34"]
[White "Gmaj, Krzysztof"]
[Black "Guzik, Jolanta"]
[Result "1/2-1/2"]
[WhiteElo "2192"]
[BlackElo "1990"]
[PlyCount "62"]
[EventDate "2016.09.03"]
[EventType "team-swiss"]
[EventRounds "9"]
[EventCountry "POL"]
[SourceTitle "EXT 2017"]
[Source "ChessBase"]
[SourceDate "2016.10.25"]
[SourceVersion "1"]
[SourceVersionDate "2016.10.25"]
[SourceQuality "1"]
[WhiteTeam "Dabrowa Gornicza Zaglebie II"]
[BlackTeam "Jaworzno JKSz MCKiS"]
[WhiteTeamCountry "POL"]
[BlackTeamCountry "POL"]

1. e4 e5 2. Nf3 Nc6 3. Bc4 Nf6 4. d3 Bc5 5. 0-0 d6 6. c3 Bg4 7. Be3 Bb6 8. Nbd2 0-0 9. h3 Bh5 10. Re1 Na5 11. Bb5 c6 12. Ba4 Bxe3 13. Rxe3 b5 14. Bc2 Nb7 15. d4 Qc7 16. Nf1 Rfe8 17. Ng3 Bg6 18. Nh4 Nd8 19. Nhf5 Ne6 20. Bb3 Nf4 21. Qf3 Rad8 22. Rd1 a5 23. a3 b4 24. axb4 axb4 25. Ree1 bxc3 26. bxc3 Rb8 27. Rb1 N6h5 28. Nxh5 Bxh5 29. g4 Bg6 30. Bc2 Rxb1 31. Rxb1 Bxf5 1/2-1/2

[Event "POL-chT 2nd League"]
[Site "Jastrzebia Gora"]
[Date "2016.09.09"]
[Round "7.28"]
[White "Grzelak, Artur"]
[Black "Guzik, Jolanta"]
[Result "1/2-1/2"]
[WhiteElo "2141"]
[BlackElo "1990"]
[PlyCount "64"]
[EventDate "2016.09.03"]
[EventType "team-swiss"]
[EventRounds "9"]
[EventCountry "POL"]
[SourceTitle "EXT 2017"]
[Source "ChessBase"]
[SourceDate "2016.10.25"]
[SourceVersion "1"]
[SourceVersionDate "2016.10.25"]
[SourceQuality "1"]
[WhiteTeam "Gostynin Gostmat 83"]
[BlackTeam "Jaworzno JKSz MCKiS"]
[WhiteTeamCountry "POL"]
[BlackTeamCountry "POL"]

1. d4 g6 2. Nf3 Bg7 3. Bf4 d6 4. e3 Nf6 5. Be2 Nbd7 6. c4 c6 7. Nc3 Qa5 8. 0-0 Nh5 9. Bg5 h6 10. Bh4 g5 11. Nd2 Nf4 12. exf4 gxh4 13. Re1 Nf6 14. Bd3 Qh5 15. f3 Bf5 16. Qe2 0-0 17. Rad1 Rfe8 18. Nde4 d5 19. Nf2 Bxd3 20. Qxd3 dxc4 21. Qxc4 Nd5 22. Nxd5 Qxd5 23. Qxd5 cxd5 24. Ng4 Rac8 25. Ne3 e6 26. Kf2 Kf8 27. Ke2 Rc6 28. Kd3 Rec8 29. Rd2 h5 30. Rc2 Rxc2 31. Nxc2 Ke7 32. f5 Kd6 1/2-1/2

[Event "POL-chT 2nd League"]
[Site "Jastrzebia Gora"]
[Date "2016.09.08"]
[Round "6.28"]
[White "Guzik, Jolanta"]
[Black "Kowalec, Maciej"]
[Result "1/2-1/2"]
[WhiteElo "1990"]
[BlackElo "2100"]
[PlyCount "62"]
[EventDate "2016.09.03"]
[EventType "team-swiss"]
[EventRounds "9"]
[EventCountry "POL"]
[SourceTitle "EXT 2017"]
[Source "ChessBase"]
[SourceDate "2016.10.25"]
[SourceVersion "1"]
[SourceVersionDate "2016.10.25"]
[SourceQuality "1"]
[WhiteTeam "Jaworzno JKSz MCKiS"]
[BlackTeam "Zielonka Zieloni"]
[WhiteTeamCountry "POL"]
[BlackTeamCountry "POL"]

1. c4 e5 2. Nc3 Nc6 3. g3 Bc5 4. Bg2 d6 5. e3 a6 6. Nge2 Ba7 7. d4 h5 8. b3 h4 9. Nd5 Bg4 10. Bb2 h3 11. Be4 exd4 12. f3 Be6 13. Nxd4 Bxd5 14. cxd5 Nxd4 15. Bxd4 Bxd4 16. Qxd4 Qf6 17. Rd1 Qxd4 18. Rxd4 Nf6 19. Bd3 Rh5 20. e4 0-0-0 21. Kf2 Nd7 22. Be2 Rh6 23. Rc1 Nb6 24. f4 Kb8 25. Bf3 Re8 26. Re1 f6 27. Bg4 Re7 28. Re3 Nd7 29. b4 g6 30. Rc3 Rh8 31. Kf3 g5 1/2-1/2

[Event "POL-chT 2nd League"]
[Site "Jastrzebia Gora"]
[Date "2016.09.07"]
[Round "5.34"]
[White "Walaszczyk, Witold"]
[Black "Guzik, Jolanta"]
[Result "1-0"]
[WhiteElo "2088"]
[BlackElo "1990"]
[PlyCount "43"]
[EventDate "2016.09.03"]
[EventType "team-swiss"]
[EventRounds "9"]
[EventCountry "POL"]
[SourceTitle "EXT 2017"]
[Source "ChessBase"]
[SourceDate "2016.10.25"]
[SourceVersion "1"]
[SourceVersionDate "2016.10.25"]
[SourceQuality "1"]
[WhiteTeam "Konin Hetman"]
[BlackTeam "Jaworzno JKSz MCKiS"]
[WhiteTeamCountry "POL"]
[BlackTeamCountry "POL"]

1. d4 d5 2. Nf3 e6 3. g3 f5 4. Bg2 Nf6 5. 0-0 Bd6 6. c4 c6 7. Nc3 Nbd7 8. Qc2 Ne4 9. Nxe4 dxe4 10. Ng5 Qf6 11. Be3 h6 12. Nh3 e5 13. Rad1 0-0 14. f3 exf3 15. exf3 Re8 16. c5 Bc7 17. b4 Nf8 18. b5 Ne6 19. dxe5 Bxe5 20. f4 Bd4 21. Bxd4 Nxd4 22. Qc4+ 1-0

[Event "POL-chT 2nd League"]
[Site "Jastrzebia Gora"]
[Date "2015.09.13"]
[Round "9.90"]
[White "Miturova, Magdalena"]
[Black "Guzik, Jolanta"]
[Result "1-0"]
[WhiteElo "2173"]
[BlackElo "1980"]
[PlyCount "63"]
[EventDate "2015.09.05"]
[EventType "team-swiss"]
[EventRounds "9"]
[EventCountry "POL"]
[SourceTitle "EXT 2017"]
[Source "ChessBase"]
[SourceDate "2016.10.25"]
[SourceVersion "1"]
[SourceVersionDate "2016.10.25"]
[SourceQuality "1"]
[WhiteTeam "Konin UKS Smecz"]
[BlackTeam "Jaworzno JKSz MCKiS"]
[WhiteTeamCountry "POL"]
[BlackTeamCountry "POL"]

1. e4 d5 2. exd5 Qxd5 3. Nc3 Qa5 4. d4 Nf6 5. Bd2 c6 6. Bc4 Bf5 7. Qe2 e6 8. d5 cxd5 9. Nxd5 Qd8 10. Nxf6+ gxf6 11. 0-0-0 Qc7 12. g4 Bg6 13. Bc3 Be7 14. Nh3 h5 15. g5 Nd7 16. gxf6 Nxf6 17. Be5 Qc5 18. Bb5+ Kf8 19. Bd3 Bxd3 20. Rxd3 Rg8 21. Nf4 Ng4 22. Bd4 Qg5 23. Be3 Nxe3 24. fxe3 h4 25. Rf1 Ke8 26. Rb3 b6 27. Rb5 Qg4 28. Qc4 Bc5 29. Rxc5 bxc5 30. Qb5+ Kf8 31. Qxc5+ Kg7 32. h3 1-0

[Event "POL-chT 2nd League"]
[Site "Jastrzebia Gora"]
[Date "2015.09.09"]
[Round "5.96"]
[White "Guzik, Jolanta"]
[Black "Jurkiewicz, Zuzanna"]
[Result "1/2-1/2"]
[WhiteElo "1980"]
[BlackElo "1507"]
[PlyCount "80"]
[EventDate "2015.09.05"]
[EventType "team-swiss"]
[EventRounds "9"]
[EventCountry "POL"]
[SourceTitle "EXT 2017"]
[Source "ChessBase"]
[SourceDate "2016.10.25"]
[SourceVersion "1"]
[SourceVersionDate "2016.10.25"]
[SourceQuality "1"]
[WhiteTeam "Jaworzno JKSz MCKiS"]
[BlackTeam "Stara Wies Parnas"]
[WhiteTeamCountry "POL"]
[BlackTeamCountry "POL"]

1. e4 d6 2. c4 Nf6 3. Nc3 Nbd7 4. g3 g6 5. Bg2 Bg7 6. d3 0-0 7. Nge2 c5 8. 0-0 Rb8 9. f4 a6 10. a4 b6 11. h3 Ne8 12. Be3 e6 13. Qd2 f5 14. Rab1 a5 15. g4 Nc7 16. Bf2 Bb7 17. gxf5 exf5 18. Nd5 Bxd5 19. exd5 Re8 20. Nc3 Qf6 21. Rfe1 Kf7 22. Re2 Rxe2 23. Nxe2 Na6 24. Nc3 Nc7 25. Bf3 Re8 26. Kf1 Nb8 27. Ne2 Nba6 28. d4 Nb4 29. dxc5 bxc5 30. Nc3 Qd8 31. Nb5 Nxb5 32. axb5 Bf6 33. b3 Re7 34. Re1 Rxe1+ 35. Bxe1 Qe7 36. Qe2 Qxe2+ 37. Bxe2 Ke7 38. h4 Bd4 39. Bd2 h5 40. Kg2 Kd7 1/2-1/2

[Event "POL-chT 2nd League"]
[Site "Szczyrk"]
[Date "2014.09.14"]
[Round "9.30"]
[White "Bednarska, Malgorzata"]
[Black "Guzik, Jolanta"]
[Result "1-0"]
[WhiteElo "2049"]
[BlackElo "2040"]
[PlyCount "71"]
[EventDate "2014.09.06"]
[EventType "team-swiss"]
[EventRounds "9"]
[EventCountry "POL"]
[SourceTitle "EXT 2015"]
[Source "ChessBase"]
[SourceDate "2014.11.20"]
[SourceVersion "1"]
[SourceVersionDate "2014.11.20"]
[SourceQuality "1"]
[WhiteTeam "Warszawa YMCA"]
[BlackTeam "Jaworzno JKSz MCKiS"]
[WhiteTeamCountry "POL"]
[BlackTeamCountry "POL"]

1. e4 d5 2. exd5 Qxd5 3. Nc3 Qd6 4. d4 Nf6 5. Nf3 Bg4 6. h3 Bh5 7. g4 Bg6 8. Ne5 c6 9. f4 Be4 10. Rg1 Bd5 11. Bd3 Qb4 12. Qe2 Qxd4 13. Be3 Qb4 14. 0-0-0 e6 15. f5 Nbd7 16. Nxd5 cxd5 17. Nxf7 Kxf7 18. fxe6+ Kg8 19. exd7 Qe7 20. Qf3 Rd8 21. g5 Ne4 22. Bxe4 dxe4 23. Qf5 Qf7 24. Qxe4 Qxa2 25. Rd5 Qa6 26. Rgd1 Qc6 27. Qe5 Qg6 28. h4 b6 29. Rf1 h6 30. gxh6 Rxh6 31. h5 Qe6 32. Bxh6 Qxh6+ 33. Kb1 Qc6 34. Qf5 Bc5 35. Qf7+ Kh7 36. Re1 1-0

[Event "POL-chT 2nd League"]
[Site "Szczyrk"]
[Date "2014.09.10"]
[Round "5.54"]
[White "Guzik, Jolanta"]
[Black "Bukowska, Katarzyna"]
[Result "1/2-1/2"]
[WhiteElo "2040"]
[BlackElo "1887"]
[PlyCount "76"]
[EventDate "2014.09.06"]
[EventType "team-swiss"]
[EventRounds "9"]
[EventCountry "POL"]
[SourceTitle "EXT 2015"]
[Source "ChessBase"]
[SourceDate "2014.11.20"]
[SourceVersion "1"]
[SourceVersionDate "2014.11.20"]
[SourceQuality "1"]
[WhiteTeam "Jaworzno JKSz MCKiS"]
[BlackTeam "Konin Hetman"]
[WhiteTeamCountry "POL"]
[BlackTeamCountry "POL"]

1. c4 e6 2. d4 d5 3. Nc3 Nf6 4. Nf3 Be7 5. Bg5 0-0 6. e3 Nbd7 7. Qc2 a6 8. c5 c6 9. Bd3 h6 10. Bh4 e5 11. dxe5 Ng4 12. Bg3 f6 13. exf6 Ngxf6 14. 0-0 Nxc5 15. Bg6 Bd6 16. Rad1 Bxg3 17. hxg3 Qe7 18. Nd4 Nce4 19. Nxe4 Nxe4 20. Bxe4 Qxe4 21. Qxe4 dxe4 22. Rc1 Bg4 23. Rc5 Rae8 24. a4 Re7 25. a5 Rf6 26. b4 Kf8 27. Rfc1 Ke8 28. Kf1 Kf7 29. Ke1 Kg6 30. R1c2 Rd6 31. Rd2 Kf6 32. Rdc2 Red7 33. Rc1 Rd8 34. R5c4 Bh5 35. Rc5 Bg4 36. R5c4 Bh5 37. Rc5 Bg4 38. R5c4 Bh5 1/2-1/2

[Event "Rewal op-A 19th"]
[Site "Rewal"]
[Date "2014.08.20"]
[Round "2"]
[White "Guzik, Jolanta"]
[Black "Woloch, Oskar"]
[Result "1/2-1/2"]
[WhiteElo "2040"]
[BlackElo "1914"]
[PlyCount "41"]
[EventDate "2014.08.19"]
[EventType "swiss"]
[EventRounds "9"]
[EventCountry "POL"]
[SourceTitle "EXT 2015"]
[Source "ChessBase"]
[SourceDate "2014.11.20"]
[SourceVersion "1"]
[SourceVersionDate "2014.11.20"]
[SourceQuality "1"]

1. b4 e5 2. Bb2 Bxb4 3. Bxe5 Nf6 4. c4 0-0 5. Nf3 Re8 6. Bb2 Nc6 7. e3 h6 8. Be2 Bf8 9. 0-0 d6 10. Qc2 Bg4 11. d4 Qd7 12. Nbd2 Bf5 13. Qb3 Rab8 14. Rac1 a6 15. Rfd1 Ne4 16. Nxe4 Bxe4 17. d5 Nd8 18. Nd2 Bh7 19. Nf1 Ra8 20. Ng3 b6 21. Bd4 1/2-1/2

[Event "Rewal op-A 19th"]
[Site "Rewal"]
[Date "2014.08.19"]
[Round "1"]
[White "Sivuk, Vitaly"]
[Black "Guzik, Jolanta"]
[Result "1-0"]
[WhiteElo "2475"]
[BlackElo "2040"]
[PlyCount "67"]
[EventDate "2014.08.19"]
[EventType "swiss"]
[EventRounds "9"]
[EventCountry "POL"]
[SourceTitle "EXT 2015"]
[Source "ChessBase"]
[SourceDate "2014.11.20"]
[SourceVersion "1"]
[SourceVersionDate "2014.11.20"]
[SourceQuality "1"]

1. e4 e5 2. Nf3 Nc6 3. Bb5 Nge7 4. c3 g6 5. d4 exd4 6. cxd4 d5 7. exd5 Nxd5 8. 0-0 Bg7 9. h3 0-0 10. Nc3 Nce7 11. Re1 c6 12. Bc4 h6 13. Ne5 Bf5 14. Qb3 Rb8 15. Bd2 Kh7 16. Rac1 f6 17. Nf3 Qd7 18. Qa3 Rfe8 19. Nxd5 cxd5 20. Bb3 Nc6 21. Rxe8 Rxe8 22. Ba4 Bf8 23. Bxc6 bxc6 24. Bb4 Bxb4 25. Qxb4 g5 26. Nd2 Re2 27. Qc3 Bg6 28. Nb3 Qf5 29. Rf1 Qc2 30. Qb4 Qxb2 31. Qb7+ Kg8 32. Qxc6 Qxa2 33. Qxf6 Bf7 34. Nc1 1-0

[Event "POL-chT 2nd League"]
[Site "Lazy"]
[Date "2012.09.07"]
[Round "7"]
[White "Guzik, Jolanta"]
[Black "Golek, Jagoda"]
[Result "1/2-1/2"]
[WhiteElo "2139"]
[BlackElo "2061"]
[PlyCount "84"]
[EventDate "2012.09.01"]
[EventType "team-swiss"]
[EventRounds "9"]
[EventCountry "POL"]
[SourceTitle "EXT 2019"]
[Source "ChessBase"]
[SourceDate "2018.10.10"]
[SourceVersion "1"]
[SourceVersionDate "2018.10.10"]
[SourceQuality "1"]
[WhiteTeam "Jaworzno JKSz MCKiS"]
[BlackTeam "Gniezno LKS Chrobry"]
[WhiteTeamCountry "POL"]
[BlackTeamCountry "POL"]

1. c4 g6 2. Nc3 Bg7 3. g3 c5 4. Bg2 Nc6 5. a3 Nf6 6. Rb1 0-0 7. d3 Rb8 8. e4 d6 9. Nge2 a6 10. f4 Nd7 11. Be3 Nd4 12. 0-0 b5 13. cxb5 Nxe2+ 14. Nxe2 axb5 15. b4 cxb4 16. axb4 Nb6 17. Nd4 Bd7 18. Qd2 Rc8 19. Rfc1 Na4 20. Bf1 Rxc1 21. Rxc1 Qb8 22. Nc6 Bxc6 23. Rxc6 Rc8 24. Rxc8+ Qxc8 25. d4 Qc3 26. e5 Qb3 27. Bf2 Nc3 28. Be1 Nd5 29. Bxb5 dxe5 30. dxe5 e6 31. Bc6 Bf8 32. Bxd5 exd5 33. Qd4 Qb1 34. Kf1 Qb3 35. Kg2 Qc2+ 36. Kg1 Qb1 37. Kf1 Qb3 38. Kg2 Qc2+ 39. Bd2 Qb3 40. Bc3 Qc2+ 41. Kg1 Qb1+ 42. Kg2 Qc2+ 1/2-1/2

[Event "POL-chT 2nd League"]
[Site "Lazy"]
[Date "2012.09.03"]
[Round "3"]
[White "Andrzejewska, Anna"]
[Black "Guzik, Jolanta"]
[Result "0-1"]
[WhiteElo "1990"]
[BlackElo "2139"]
[PlyCount "46"]
[EventDate "2012.09.01"]
[EventType "team-swiss"]
[EventRounds "9"]
[EventCountry "POL"]
[SourceTitle "EXT 2019"]
[Source "ChessBase"]
[SourceDate "2018.10.10"]
[SourceVersion "1"]
[SourceVersionDate "2018.10.10"]
[SourceQuality "1"]
[WhiteTeam "Zielonka Zieloni"]
[BlackTeam "Jaworzno JKSz MCKiS"]
[WhiteTeamCountry "POL"]
[BlackTeamCountry "POL"]

1. e4 d5 2. exd5 Qxd5 3. Nc3 Qa5 4. d4 Nf6 5. Bc4 c6 6. Nf3 Bf5 7. Bd2 e6 8. Qe2 Bb4 9. 0-0-0 0-0 10. Ne5 Nbd7 11. g4 Nxe5 12. dxe5 Nxg4 13. f4 Qb6 14. h3 Nh6 15. Rdg1 Rfd8 16. Qg2 g6 17. Qg5 Qd4 18. Bd3 Bxd3 19. cxd3 Qxd3 20. Qxh6 Qxd2+ 21. Kb1 Bxc3 22. bxc3 Rd5 23. c4 Qb4+ 0-1

[Event "POL-chT 2nd League"]
[Site "Lazy"]
[Date "2012.09.01"]
[Round "1"]
[White "Sygulska, Anna"]
[Black "Guzik, Jolanta"]
[Result "1/2-1/2"]
[WhiteElo "1898"]
[BlackElo "2139"]
[PlyCount "60"]
[EventDate "2012.09.01"]
[EventType "team-swiss"]
[EventRounds "9"]
[EventCountry "POL"]
[SourceTitle "EXT 2019"]
[Source "ChessBase"]
[SourceDate "2018.10.10"]
[SourceVersion "1"]
[SourceVersionDate "2018.10.10"]
[SourceQuality "1"]
[WhiteTeam "Przemysl MKS Polonia"]
[BlackTeam "Jaworzno JKSz MCKiS"]
[WhiteTeamCountry "POL"]
[BlackTeamCountry "POL"]

1. c4 c5 2. Nc3 Nc6 3. g3 g6 4. Bg2 Bg7 5. e3 e5 6. Nge2 Nge7 7. 0-0 d6 8. d3 Be6 9. e4 Qd7 10. Be3 Nd4 11. Bxd4 cxd4 12. Nb1 0-0 13. a4 f5 14. Nd2 a5 15. Qb3 Nc6 16. Rae1 Nb4 17. Nc1 f4 18. Na2 Na6 19. Qc2 Nc5 20. b3 h5 21. Nc1 Bh6 22. Nf3 Bg4 23. Nd2 f3 24. Bh1 Bh3 25. Nxf3 Bxf1 26. Rxf1 Rxf3 27. Na2 Raf8 28. Nc1 Be3 29. Bxf3 Bh6 30. Be2 g5 1/2-1/2